Can you name these Maryland state symbols? - Statistics

General Stats
  • This quiz has been taken 16 times
  • The average score is 7 of 19
Answer Stats
Hint Answer % Correct
State Bird Baltimore Oriole
92%
State Crustacean Blue Crab
92%
State Sport (Team) Lacrosse
69%
State Flower Black-eyed Susan
62%
State Dog Chesapeake Bay Retriever
46%
State Sport (Individual) Jousting
46%
State Dessert Smith Island Cake
46%
State Tree White Oak
46%
State Cat Calico Cat
38%
State Fish Rockfish
31%
State Reptile Diamondback Terrapin
23%
State Drink Milk
23%
State Boat Skipjack
23%
State Folk Dance Square Dance
23%
State Horse Thoroughbred Horse
23%
State Exercise Walking
23%
State Dinosaur Astrodon
15%
State Gem Patuxent River Stone
15%
State Insect Baltimore Checkerspot Butterfly
8%
No matching quizzes found
Score Distribution
Percent of People with Each Score
Percentile by Number Answered
Your Score History
You have not taken this quiz